Countries that start with G- Historical Mode - Statistics

General Stats
  • This quiz has been taken 22 times
  • The average score is 8 of 14
Answer Stats
Year country existed Country Name % Correct
Present Day Germany
95%
Present Day Guinea
85%
Present Day Guinea-Bissau
85%
Present Day Guatemala
80%
Present Day Gambia
75%
Present Day Ghana
75%
Present Day Grenada
75%
Present Day Gabon
70%
Present Day Greece
70%
Present Day Guyana
70%
Present Day Georgia
65%
1900's Geledi
0%
1900's Gumel
0%
1900's Gumma
0%
No matching quizzes found
Score Distribution
Percent of People with Each Score
Percentile by Number Answered
Your Score History
You have not taken this quiz